000 00206 a2200097 4500
001 59947
100 _a
245 _aAn invitation to fly
260 _aCalifornia
_bWordsworth
_c1982
090 _c36787
_d36787
942 _aNUST-CAE
_c
_c29765
999 _c295020
_d295020